[Event "Brasiliense-ch"]
[Site "Brazil"]
[Date "1990.11.??"]
[Round "9"]
[White "Goncalves, Tasso"]
[Black "Sobrinho, Pedro"]
[Result "1-0"]
[WhiteElo "1977"]
[BlackElo "1774"]
[PlyCount "99"]
[EventDate "1990.10.??"]
[EventType "swiss"]
[EventRounds "9"]
[EventCountry "BRA"]
[SourceTitle "EXT 2003"]
[Source "ChessBase"]
[SourceDate "2002.11.25"]
[SourceVersion "1"]
[SourceVersionDate "2002.11.25"]
[SourceQuality "1"]

1. e4 e5 2. Nf3 Nf6 3. Nc3 Bb4 4. Bc4 0-0 5. d3 Nc6 6. 0-0 d6 7. h3 h6 8. Ne2 a6 9. Be3 b5 10. Bb3 Ba5 11. a4 Nb8 12. axb5 axb5 13. c3 c6 14. Bc2 Bb7 15. Ng3 Bb6 16. Rxa8 Bxa8 17. d4 Nbd7 18. Nf5 Bc7 19. Qd2 c5 20. d5 Nb6 21. Bxh6 Nh5 22. g4 Nc4 23. Qc1 Nf4 24. Bxf4 exf4 25. b3 Ne3 26. fxe3 fxe3 27. Nxe3 Qf6 28. c4 Qf4 29. Nf5 Qxc1 30. Rxc1 b4 31. Ra1 g6 32. N5h4 Rb8 33. Ra7 Bd8 34. g5 Bb7 35. Ng2 Bc8 36. h4 Kg7 37. Kf2 Bg4 38. Ne3 Bxf3 39. Kxf3 Bb6 40. Ra6 Bc7 41. Ng4 Rh8 42. Kg3 Rf8 43. Nf6 Bb8 44. Ra8 Rh8 45. Nd7 Bc7 46. Rxh8 Kxh8 47. Kg4 Kg7 48. Nf6 Bb8 49. Bd1 Bc7 50. Ne8+ 1-0

[Event "Brasiliense-ch"]
[Site "Brazil"]
[Date "1990.10.??"]
[Round "7"]
[White "Bento, Antonio"]
[Black "Sobrinho, Pedro"]
[Result "1-0"]
[WhiteElo "1981"]
[BlackElo "1774"]
[PlyCount "55"]
[EventDate "1990.10.??"]
[EventType "swiss"]
[EventRounds "9"]
[EventCountry "BRA"]
[SourceTitle "EXT 2003"]
[Source "ChessBase"]
[SourceDate "2002.11.25"]
[SourceVersion "1"]
[SourceVersionDate "2002.11.25"]
[SourceQuality "1"]

1. c4 b6 2. Nc3 Bb7 3. e4 e5 4. Nf3 Nf6 5. d3 Nc6 6. Nd5 Bb4+ 7. Nxb4 Nxb4 8. Nxe5 0-0 9. Be2 Re8 10. Nf3 Nc6 11. Bg5 a5 12. 0-0 Ne5 13. Nd4 c5 14. Nb5 Re6 15. f4 Qb8 16. fxe5 Qxe5 17. Qd2 Bxe4 18. Bxf6 Rxf6 19. Rxf6 Bxg2 20. Kxg2 Qxf6 21. Rf1 Qc6+ 22. Bf3 Qg6+ 23. Kh1 Re8 24. Be4 Qh5 25. Nd6 Re7 26. Nxf7 d5 27. Bxd5 Re2 28. Nh6+ 1-0